Guess the Lyrics #53 - Statistics

General Stats
  • This quiz has been taken 3,388 times
    1,829 since last reset
  • The average score is 191 of 405
Answer Stats
Lyrics % Correct
I
98%
a
96%
you,
92%
you
92%
the
91%
love
78%
to
76%
when
74%
we
73%
and
72%
And
72%
do
72%
your
71%
it
70%
on
69%
In
67%
in
67%
can
64%
are
62%
so
60%
for
56%
they
55%
They
55%
(They
55%
I'm
50%
that
50%
all
48%
have
48%
If
47%
could
39%
know
39%
know)
39%
things
36%
As
35%
as
35%
out
32%
them
32%
These
31%
Come
30%
come
30%
heart
30%
heart)
30%
let
28%
down
25%
life
25%
live
25%
I'd
24%
(I'd
24%
without
24%
tell
20%
boy
18%
break
18%
(Break
18%
really,
18%
really
18%
(Really
18%
really)
18%
you've
18%
Kiss
16%
Those
16%
mind,
15%
Shout,
15%
shout,
15%
talking
15%
shouldn't
14%
took
14%
gave
13%
hell
13%
times,
13%
hope
10%
soul
9%
black
7%
change
7%
cold
7%
return,
7%
Shout - Tears for Fears
7%
white,
7%
ice,
6%
jump
6%
sell
6%
tale
6%
goodbye,
5%
joy
5%
ought
5%
taken
5%
violent
4%
minds
3%
working
3%
guard
2%
one-track
2%
No matching quizzes found
Score Distribution
Percent of People with Each Score
Percentile by Number Answered
Your Score History
You have not taken this quiz since the last reset